BIBLIOTECA

SENCICO

Problemas de topografía y fotogrametría / (Registro nro. 499)

Detalles MARC
000 -LEADER
fixed length control field 01122nam a2200277Ia 4500
003 - CONTROL NUMBER IDENTIFIER
control field PE SENCICO BE
005 - DATE AND TIME OF LATEST TRANSACTION
control field 20251020182439.0
008 - FIXED-LENGTH DATA ELEMENTS--GENERAL INFORMATION
fixed length control field 200515s9999 xx 000 0 und d
020 ## - INTERNATIONAL STANDARD BOOK NUMBER
International Standard Book Number 84-95279-66-5
040 ## - CATALOGING SOURCE
Original cataloging agency PE SENCICO BE
Transcribing agency PE SENCICO BE
041 ## - LANGUAGE CODE
Language code of text/sound track or separate title spa
082 ## - DEWEY DECIMAL CLASSIFICATION NUMBER
Classification number 526.9
Item number O74
100 1# - MAIN ENTRY--PERSONAL NAME
Personal name Ortiz Sanz, Luis
9 (RLIN) 3250
Relator term autor
245 10 - TITLE STATEMENT
Title Problemas de topografía y fotogrametría /
Statement of responsibility, etc. Luis Ortiz Sanz, Luz Gil Campo, Teresa Rego Sanmartín
250 ## - EDITION STATEMENT
Edition statement 1a ed.
260 ## - PUBLICATION, DISTRIBUTION, ETC.
Place of publication, distribution, etc. Madrid :
Name of publisher, distributor, etc. Bellisco Ediciones Técnicas y Científicas ;
Date of publication, distribution, etc. 2003
300 ## - PHYSICAL DESCRIPTION
Extent paginación irregular :
Other physical details tablas, gráficos ;
Dimensions 24 cm.
490 ## - SERIES STATEMENT
Series statement Biblioteca técnica universitaria ;
Volume/sequential designation 8
505 0# - FORMATTED CONTENTS NOTE
Formatted contents note Coordenadas -- Curvatura terrestre -- Errores -- Radiaciones -- Itinerarias -- Intersecciones -- Nivelación geométrica -- Nivelación trigonométrica -- Levantamientos fotogramétricos -- Fotogrametría paralajes
650 10 - SUBJECT ADDED ENTRY--TOPICAL TERM
Topical term or geographic name entry element Topografía
9 (RLIN) 4
650 20 - SUBJECT ADDED ENTRY--TOPICAL TERM
Topical term or geographic name entry element Geodesia
9 (RLIN) 2
650 20 - SUBJECT ADDED ENTRY--TOPICAL TERM
Topical term or geographic name entry element Fotogrametría
9 (RLIN) 120
700 1# - ADDED ENTRY--PERSONAL NAME
9 (RLIN) 3251
Personal name Gil Campo, Luz
Relator term autor
700 1# - ADDED ENTRY--PERSONAL NAME
9 (RLIN) 3252
Personal name Rego Sanmartín, Teresa
Relator term autor
942 ## - ADDED ENTRY ELEMENTS (KOHA)
Koha item type Libros
Source of classification or shelving scheme Dewey Decimal Classification
Existencias
Fecha de la última vez que lo usaron Número de ingreso o de inventario Pago total Signatura topográfica completa Código de barras Precio efectivo desde Tipo de documento Estado perdido Sistema de clasificación Estado dañado No es para préstamo Retirado Ubicación permanente Ubicación actual Fecha de adquisición
15/05/2020 14534   526.9/O74 BibLima25080010 15/05/2020 Libros   Dewey Decimal Classification       Biblioteca Central Lima Biblioteca Central Lima 15/05/2020